000 00610nab a2200193 a 4500
005 20210223130431.0
008 991125s1985 mx 000 0 spa u
035 _aUPN01000155668
100 1 _aMoreno Bayardo, María Guadalupe
_929392
222 _aREVISTA MEXICANA DE INVESTIGACION EDUCATIVA
245 _aExperiencias de formación y formadores en programas de doctorado en educación
300 _a561-580
362 0 _a2007 Vol. 12, no. 33(2), abr.-jun.
653 0 _aDOCTORADO
653 0 _aFORMACION DE INVESTIGADORES
653 0 _aTUTORIA
653 0 _aCALIDAD EDUCATIVA
905 _aArticulo
999 _c127782
_d127782